| 000 | 00437nam a2200193Ia 4500 | ||
|---|---|---|---|
| 003 | STCL | ||
| 008 | 230729s9999 xx 000 0 und d | ||
| 020 |
_a9788189500634 _qHB |
||
| 040 |
_aSTCL _cSTCL _bEN |
||
| 082 | _222 | ||
| 100 | _aKumar, I | ||
| 245 | 0 | _aChild labour | |
| 246 | _aChild labor | ||
| 260 |
_bMahaveer and Sons _aNew Delhi _c2011 |
||
| 300 | _a296 p | ||
| 365 | _b1000 | ||
| 546 | _aEnglish | ||
| 942 |
_2DDC _e22 _cBK |
||
| 999 |
_c90809 _d90809 |
||